[Event "ROM-ch U14"]
[Site "Mamaia"]
[Date "2021.04.12"]
[Round "8"]
[White "Grigore, Radu Andrei"]
[Black "Dumitru, Luca Serban"]
[Result "0-1"]
[WhiteElo "1166"]
[BlackElo "1799"]
[PlyCount "94"]
[EventDate "2021.04.07"]
[EventType "swiss"]
[EventRounds "9"]
[EventCountry "ROU"]
[SourceTitle "EXT 2022"]
[Source "ChessBase"]
[SourceDate "2021.10.06"]
[SourceVersion "1"]
[SourceVersionDate "2021.10.06"]
[SourceQuality "1"]

1. e4 e6 2. d3 d5 3. Nd2 Nf6 4. Ngf3 Bc5 5. c3 dxe4 6. dxe4 Ng4 7. Nd4 e5 8. N2b3 Bb6 9. h3 Nxf2 10. Kxf2 exd4 11. cxd4 Qh4+ 12. g3 Qxe4 13. Qe2 Qxe2+ 14. Bxe2 Nc6 15. Be3 Be6 16. Rad1 0-0-0 17. Nc5 Bxa2 18. Bg4+ Kb8 19. Nd7+ Ka8 20. Nxb6+ cxb6 21. Rd2 h5 22. Bf3 Bd5 23. Ra1 Bxf3 24. Kxf3 Rd5 25. Ke4 Rhd8 26. Rf1 f6 27. Rf5 Rxf5 28. Kxf5 Ne7+ 29. Ke6 Nd5 30. Bf2 g5 31. Rc2 a5 32. Rc4 Ka7 33. Be1 Ka6 34. Bc3 Kb5 35. Rc7 Nxc7+ 36. Kxf6 Nd5+ 37. Kxg5 Nxc3 38. bxc3 a4 39. Kxh5 a3 40. g4 a2 41. g5 a1Q 42. g6 Qxc3 43. h4 Qxd4 44. Kg5 Rd5+ 45. Kh6 Qxh4+ 46. Kg7 Rd7+ 47. Kg8 Qd8# 0-1

[Event "ROM-ch U14"]
[Site "Mamaia"]
[Date "2021.04.09"]
[Round "3"]
[White "Iuga, Ioan Alexandru"]
[Black "Grigore, Radu Andrei"]
[Result "0-1"]
[WhiteElo "1684"]
[BlackElo "1166"]
[PlyCount "66"]
[EventDate "2021.04.07"]
[EventType "swiss"]
[EventRounds "9"]
[EventCountry "ROU"]
[SourceTitle "EXT 2022"]
[Source "ChessBase"]
[SourceDate "2021.10.06"]
[SourceVersion "1"]
[SourceVersionDate "2021.10.06"]
[SourceQuality "1"]

1. e4 d5 2. exd5 Nf6 3. Nf3 Qxd5 4. Nc3 Qh5 5. Be2 Bg4 6. d4 Nc6 7. 0-0 0-0-0 8. Bf4 Nxd4 9. Nxd4 Bxe2 10. Ncxe2 c5 11. c3 e5 12. Bxe5 Qxe5 13. Nf3 Rxd1 14. Nxe5 Rd2 15. Nxf7 Rg8 16. Ng3 Rxb2 17. Rfe1 c4 18. Ne4 Kc7 19. Ne5 b5 20. a4 Nxe4 21. Rxe4 a6 22. axb5 axb5 23. Nf3 Bc5 24. Nd4 Bxd4 25. cxd4 c3 26. Rc1 b4 27. Kf1 c2 28. Ke2 b3 29. Kd2 Rb8 30. Ree1 Kd6 31. Ra1 Rc8 32. Rec1 Ra2 33. Rxa2 bxa2 0-1

[Event "ROM-ch U12"]
[Site "Calimanesti Caciulata"]
[Date "2019.04.16"]
[Round "2"]
[White "Pitulice, Lucas Andrei"]
[Black "Grigore, Radu Andrei"]
[Result "0-1"]
[WhiteElo "1003"]
[BlackElo "1148"]
[PlyCount "94"]
[EventDate "2019.04.15"]
[EventType "swiss"]
[EventRounds "9"]
[EventCountry "ROU"]
[SourceTitle "CBM 190 Extra"]
[Source "ChessBase"]
[SourceDate "2019.07.15"]
[SourceVersion "1"]
[SourceVersionDate "2019.07.15"]
[SourceQuality "1"]

1. d4 b6 2. Bf4 Bb7 3. e3 e6 4. Nf3 Nf6 5. Nbd2 c5 6. c3 Nc6 7. Bd3 cxd4 8. exd4 Be7 9. 0-0 0-0 10. Qc2 d6 11. Rfe1 Qd7 12. Bg5 h6 13. Bh4 Rad8 14. Bg3 Rfe8 15. Nc4 Nh5 16. Rad1 Nxg3 17. hxg3 Bf6 18. Qe2 Qc7 19. Kh2 Ne7 20. Ncd2 Nd5 21. Be4 Rc8 22. c4 Nb4 23. Bxb7 Qxb7 24. a3 Nc6 25. Nb3 Qc7 26. c5 dxc5 27. dxc5 bxc5 28. Nxc5 Qb6 29. Nd3 Rb8 30. Rb1 Red8 31. Nde5 Nxe5 32. Nxe5 Bxe5 33. Qxe5 Qxf2 34. Rf1 Qd4 35. Qc7 Qd7 36. Qf4 f6 37. Qg4 e5 38. Qg6 Qf7 39. Qg4 Rd4 40. Qe2 Qg6 41. Qa6 Qf7 42. b4 Qb7 43. Qe6+ Kh8 44. Kg1 Qb6 45. Qxb6 Rxb6 46. Rfe1 Rd3 47. a4 Rd4 0-1

[Event "ROM-ch U10"]
[Site "Baile Felix"]
[Date "2017.02.08"]
[Round "8"]
[White "Grigore, Radu Andrei"]
[Black "Radu, David Cr"]
[Result "0-1"]
[WhiteElo "1118"]
[BlackElo "1351"]
[PlyCount "53"]
[EventDate "2017.02.02"]
[EventType "swiss"]
[EventRounds "9"]
[EventCountry "ROU"]
[SourceTitle "CBM 176 Extra"]
[Source "ChessBase"]
[SourceDate "2017.03.02"]
[SourceVersion "1"]
[SourceVersionDate "2017.03.02"]
[SourceQuality "1"]

1. d4 d5 2. Nf3 Nf6 3. Bf4 Bf5 4. e3 e6 5. Nbd2 c5 6. c3 Nc6 7. Be2 cxd4 8. cxd4 Bd6 9. Ne5 Bxe5 10. dxe5 Ne4 11. 0-0 0-0 12. h3 f6 13. exf6 Nxf6 14. Bg5 h6 15. Bh4 Qe8 16. Bb5 Qg6 17. Bxf6 Rxf6 18. Qf3 Bd3 19. Bxd3 Qxd3 20. Qd1 Ne5 21. Rc1 Raf8 22. Qc2 Qf5 23. Qxf5 Rxf5 24. Rc3 g5 25. g4 Nf3+ 26. Nxf3 Rxf3 27. Kg2 0-1